| 000 | 00565nam a2200205Ia 4500 | ||
|---|---|---|---|
| 005 | 20260429112102.0 | ||
| 008 | 260429s9999||||xx |||||||||||||| ||und|| | ||
| 020 | _a9788126911127 | ||
| 041 | _aEnglish | ||
| 082 |
_a330.954 _bBAN |
||
| 100 | _aBanik, Nilanjan | ||
| 245 | 0 |
_aIndian economy : _ba macroeconomic perspective / _cNilanjan Banik |
|
| 250 | _a1st ed. | ||
| 260 |
_aNew Delhi : _bAtlantic Publishers and Distributors, _c2025. |
||
| 300 | _axviii, 234 p.; pbk | ||
| 650 | _a india | ||
| 650 | _a Macroeconomic | ||
| 650 | _aEconomy | ||
| 942 | _cTB | ||
| 999 |
_c52273 _d52273 |
||